The Crane Wives - Empty Page (ALL lyrics) - Statistics

General Stats
  • This quiz has been taken 16 times
  • The average score is 170 of 226
Answer Stats
Lyrics % Correct
a
100%
A
100%
am
100%
an
100%
I
100%
me
100%
You
100%
empty
90%
my
90%
page
90%
to
90%
and
80%
are
80%
be
80%
do
80%
I'll
80%
light
80%
not
80%
Of
80%
of
80%
that
80%
there
80%
When
80%
better,
70%
better
70%
burning
70%
copy
70%
Cut
70%
cuts
70%
hands
70%
have
70%
how
70%
make
70%
more
70%
out
70%
shake
70%
show
70%
than
70%
that's
70%
You'll
70%
advanced
60%
cent
60%
far
60%
from
60%
if
60%
I'm
60%
it
60%
just
60%
nothing
60%
paint
60%
people
60%
shade
60%
something
60%
ten
60%
will
60%
avoid
50%
Could
50%
Draw
50%
ever
50%
Every
50%
follow
50%
had
50%
imitating
50%
I've
50%
line,
50%
made
50%
magazine
50%
mastery
50%
obedient
50%
Only
50%
path,
50%
ripped
50%
thief
50%
thought
50%
word
50%
Years
50%
belief
40%
callow
40%
muddled
40%
Someday
40%
Tie
40%
by
30%
up
30%
No matching quizzes found
Score Distribution
Percent of People with Each Score
Percentile by Number Answered
Your Score History
You have not taken this quiz